| 000 | 00789nam a2200253 a 4500 | ||
|---|---|---|---|
| 008 | |||
| 020 | _a0256092222 (hbk.) | ||
| 049 | _aMAIN | ||
| 090 | _aHD30.27 SKI | ||
| 100 | 1 | _aSkinner, Steven J. | |
| 245 | 1 | 0 |
_aBusiness for the 21st century / _cSteven J. Skinner, John M. Ivancevich. |
| 260 |
_aHomewood, IL. : _bRichard D. Irwin, _cc1992. |
||
| 300 |
_axxx, 864 p. : _bill. (some col.) ; _c27 cm. |
||
| 504 | _aIncludes bibliographical references. | ||
| 500 | _aIncludes index. | ||
| 650 | 0 | _aBusiness forecasting. | |
| 650 | 0 |
_aTwenty-first century _xForecasts. |
|
| 700 | 1 | _aIvancevich, John M. | |
| 907 |
_a.b10081148 _b19-10-07 _c10-07-03 |
||
| 003 | |||
| 005 | 20230123133326.0 | ||
| 040 | _cNUST | ||
| 942 |
_cBOOKS _kHD30.27 SKI |
||
| 999 |
_c146652 _d146652 |
||